000 00854cab a22001935a 4500
001 L136953
008 070306e2007 xxk 000 0 eng d
035 _a(Sirsi) u136953
041 _aeng
100 1 _aDye, Patrick
245 0 0 _aHow 'green' is your workplace?
260 _c2007
490 0 _aWorkplacelaw
_v $( 24) February 2007, 16-18(3)
520 _aDiscusses the challenges facilities management departments face in balancing sustainable practices with keeping employees happy. Discusses such measures as recruiting green representatives in each department, environmentally friendly office supplies, encouraging more environmentally friendly travel and the turning off of office equipment.
590 _aKA
651 4 _aUnited Kingdom
_y
690 _aENVIRONMENTAL AND LAND CONSULTANCY-ENERGY-ENERGY USE-ENERGY EFFICIENCY
942 _n0
999 _c78507
_d78507